ბათუმის შოთა რუსთაველის სახელმწიფო უნივერსიტეტის ბიბლიოთეკა

Селекция и семеноводство овощных культур (ბიბ.ჩანაწერი № 45781)

000 -LEADER
fixed length control field 00846nam a2200217Ia 4500
001 - CONTROL NUMBER
control field 12608
003 - CONTROL NUMBER IDENTIFIER
control field GE_BSU
008 - FIXED-LENGTH DATA ELEMENTS--GENERAL INFORMATION
fixed length control field 181216s||||||||xx |||||||||||||| ||und||
040 ## - CATALOGING SOURCE
Transcribing agency GE_BSU
080 ## - UNIVERSAL DECIMAL CLASSIFICATION NUMBER
Universal Decimal Classification number 635.1.8(075.8)
100 ## - MAIN ENTRY--PERSONAL NAME
Personal name Тимофеев,Н.Н. Волкова,А.А. Чижов,С.Т.
245 ## - TITLE STATEMENT
Title Селекция и семеноводство овощных культур
245 ## - TITLE STATEMENT
Remainder of title Уч-к для сельхоз вузов по спец."Плодоовощеводство и виноградарствоя
245 ## - TITLE STATEMENT
Statement of responsibility, etc. Под.ред. И.А.Прохорова. Ред.Л.М.Нефедова и З.И.Уткина
260 ## - PUBLICATION, DISTRIBUTION, ETC.
Place of publication, distribution, etc. Москва
260 ## - PUBLICATION, DISTRIBUTION, ETC.
Name of publisher, distributor, etc. Колос
260 ## - PUBLICATION, DISTRIBUTION, ETC.
Date of publication, distribution, etc. 1972
300 ## - PHYSICAL DESCRIPTION
Extent 399стр.22см.
653 ## - INDEX TERM--UNCONTROLLED
Uncontrolled term Селекция и семеноводство овощных культур
942 ## - ADDED ENTRY ELEMENTS (KOHA)
Koha item type წიგნი
ეგზემპლარები
Withdrawn status Lost status Damaged status Not for loan Date acquired Barcode Date last seen Price effective from Koha item type
        2018-12-17 20547 2018-12-17 2018-12-17 წიგნი
        2018-12-17 20548 2018-12-17 2018-12-17 წიგნი